[Event "Saratov-ch"]
[Site "Saratov"]
[Date "2011.03.03"]
[Round "7"]
[White "Muslimov, Evgeny"]
[Black "Brekhov, Denis"]
[Result "1/2-1/2"]
[WhiteElo "2102"]
[BlackElo "1973"]
[PlyCount "103"]
[EventDate "2011.02.24"]
[EventType "swiss"]
[EventRounds "9"]
[EventCountry "RUS"]
[SourceTitle "CBM 141 Extra"]
[Source "ChessBase"]
[SourceDate "2011.05.03"]
[SourceVersion "1"]
[SourceVersionDate "2011.05.03"]
[SourceQuality "1"]

1. d4 Nf6 2. c4 g6 3. Nc3 d5 4. Nf3 Bg7 5. Bg5 Ne4 6. cxd5 Nxc3 7. bxc3 Qxd5 8. Qb3 Be6 9. Qc2 Bf5 10. Qb3 Be6 11. Rb1 Qxb3 12. axb3 c5 13. e3 Nc6 14. Be2 0-0 15. 0-0 Bf5 16. Rbc1 f6 17. Bh4 cxd4 18. Nxd4 Nxd4 19. exd4 Bh6 20. Bc4+ Kh8 21. Rce1 Bd2 22. Rxe7 Bxc3 23. Rd1 Rad8 24. Bf7 g5 25. Bg3 Bxd4 26. Kf1 Bc5 27. Rxd8 Bxe7 28. Rxf8+ Bxf8 29. Ke2 Bc5 30. Bd5 b6 31. f3 Kg7 32. Be1 a5 33. Bc3 Bg6 34. h3 Bf7 35. Bxf7 Kxf7 36. Kd3 Ke6 37. g4 f5 38. Kc4 fxg4 39. fxg4 Kd6 40. Bd2 h6 41. Bc3 Ke6 42. Bb2 Kd6 43. Bg7 Kc6 44. Bxh6 b5+ 45. Kd3 Be7 46. Bg7 Kd5 47. Bc3 a4 48. bxa4 bxa4 49. Bg7 a3 50. Kc3 Ke4 51. Kb3 Kf3 52. Bh6 1/2-1/2

[Event "Saratov-ch"]
[Site "Saratov"]
[Date "2011.03.02"]
[Round "6"]
[White "Nikolaev, Alexander"]
[Black "Muslimov, Evgeny"]
[Result "1/2-1/2"]
[WhiteElo "2162"]
[BlackElo "2102"]
[PlyCount "83"]
[EventDate "2011.02.24"]
[EventType "swiss"]
[EventRounds "9"]
[EventCountry "RUS"]
[SourceTitle "CBM 141 Extra"]
[Source "ChessBase"]
[SourceDate "2011.05.03"]
[SourceVersion "1"]
[SourceVersionDate "2011.05.03"]
[SourceQuality "1"]

1. d4 Nf6 2. c4 e6 3. Nc3 Bb4 4. e3 c5 5. Bd3 0-0 6. Nf3 d5 7. 0-0 Nc6 8. a3 Bxc3 9. bxc3 dxc4 10. Bxc4 Qc7 11. Bb2 e5 12. h3 h6 13. Qe2 Re8 14. Rfd1 Bf5 15. Ba2 Rad8 16. Qb5 cxd4 17. cxd4 a6 18. Qe2 e4 19. Nd2 Be6 20. d5 Bxd5 21. Bxf6 gxf6 22. Qg4+ Kf8 23. Qh5 Bxa2 24. Qxh6+ Ke7 25. Rxa2 Rh8 26. Qf4 Qxf4 27. exf4 Rh4 28. Rb1 b5 29. Nxe4 Rxf4 30. Nc5 Ra8 31. Re1+ Kf8 32. Rd2 Rd4 33. Rxd4 Nxd4 34. Re4 Nc6 35. Nd7+ Kg7 36. Rg4+ Kh6 37. Rf4 Kg7 38. h4 Ne5 39. Nxf6 Ng6 40. Nh5+ Kh6 41. Rf5 Nxh4 42. Rc5 1/2-1/2